000 00243nam a2200097Ia 4500
005 20251222114400.0
008 251222s1900||||xx |||||||||||||| ||spa||
082 _aDVD0090/G89
245 0 _aLa verdad incomoda, una advertencia global:
942 _cDVD
999 _c1614
_d1614